Direito administrativo : (Record no. 464)

MARC details
000 -LÍDER
Campo Fixo de Controle 00767nam a22002417a 4500
001 - NÚMERO DE CONTROLE
Campo de Controle 464
003 - IDENTIFICAÇÃO DO NÚMERO DE CONTROLE
Campo de Controle BR-CuiBMT
005 - DATA E HORA DA ÚLTIMA ATUALIZAÇÃO
Campo de Controle 20231113233204.0
008 - DADOS FIXOS
Dados Fixos 231107b2022 mgb 000 0 por d
020 ## - INTERNATIONAL STANDARD BOOK NUMBER
Nº do ISBN 9786555183368
040 ## - AGÊNCIA CATALOGADORA
Código da Agência Catalogadora BR-CuiBMT
Agência que transcreveu o registro BR-CuiBMT
080 ## - Nº DA CLASSIFICAÇÃO DECIMAL UNIVERSAL
Nº edição CDU 2007
Nº Class. CDU 342.9
090 ## - NÚMERO DE CHAMADA
Nº classificação 342.9
Cutter S958d
100 10 - ENTRADA PRINCIPAL -- AUTOR PESSOAL
Nome pessoal Sundfeld, Carlos Ari
245 00 - TÍTULO PRINCIPAL
Título principal Direito administrativo :
Subtítulo o novo olhar da LINDB /
260 ## - PUBLICAÇÃO, DISTRIBUIÇÃO, ETC.
Local de publicação Belo Horizonte :
Editora Fórum,
Data 2022.
300 ## - DESCRIÇÃO FÍSICA
N. páginas ou volumes 193 p. ;
Dimensões 22 cm
504 ## - NOTA DE BIBLIOGRAFIA, ETC.
Nota de bibliografia Inlcui bibliografia.
590 ## - NOTA LOCAL
Campo de ligação e número de sequência A biblioteca possui 1. reimpr. 2022.
650 ## - ASSUNTO TÓPICO
Cabeçalho tópico ou nome geográfico Direito administrativo
Subdivisão de forma Lei de Introdução às normas do Direito Brasileiro (LINDB)
Subdivisão geográfica Brasil
650 ## - ASSUNTO TÓPICO
Cabeçalho tópico ou nome geográfico Direito administrativo
Subdivisão geral Administração pública
942 ## - ELEMENTOS DE ENTRADA ADICIONAIS (KOHA)
Fonte de classificação ou esquema de arquivamento Classificação Decimal Universal
Tipo de item do Koha Livros
Holdings
Estado: removido Estado: perdido Fonte de classificação ou esquema de arquivamento Estado: danificado Indisponível para empréstimo Localização permanente Localização atual Data de aquisição Total Checkouts Número de Chamada completo Código de barras Date last seen Número do exemplar Preço efetivo a partir de Tipo de item (Koha) Nota pública
    Classificação Decimal Universal     Biblioteca da Escola Superior de Contas do TCE/MT Biblioteca da Escola Superior de Contas do TCE/MT 07/11/2023   342.9 S958d BIBTCEMT23110218 07/11/2023 Ex. 1 07/11/2023 Livros 1. reimpr. 2022
    Classificação Decimal Universal     Biblioteca da Escola Superior de Contas do TCE/MT Biblioteca da Escola Superior de Contas do TCE/MT 07/11/2023   342.9 S958d BIBTCEMT23110219 07/11/2023 Ex. 2 07/11/2023 Livros 1. reimpr. 2022
    Classificação Decimal Universal     Biblioteca da Escola Superior de Contas do TCE/MT Biblioteca da Escola Superior de Contas do TCE/MT 07/11/2023   342.9 S958d BIBTCEMT23110221 07/11/2023 Ex. 3 07/11/2023 Livros 1. reimpr. 2022

Powered by Koha